00866 a2200157 4500003000500000005001700005040000900022082001300031100003900044245006500083260003300148300001300181505046000194538002500654650002900679Nust20170207154213.0 cNust a621.3192 aSundaram Seshu, Norman Balabanian  aLinear Network Analysis cSundaram Seshu, Norman Balabanian  aNew York bJohn Wiley c1959 aXIV, 571 aFundamental Concepts (Page-1) Loop and Node Systems of Equations (Page-25) Matrix Algebra and Elementary Topology (Page-54) General Network Analysis (Page-77) Network Theorems and Steady-State Response (Page-153)Integral Solutions (Page-194) Representations of Network Functions (Page-227) Two-Port Networks (Page-291) Analytic Properties of Network Functions (Page-343) Feedback and Related Topics (Page-401) Image Parameters and Filter Theory (Page-153) aAlmirah 127, Shelf 4 aLinear Network Analysis